El orden de los poderes. Historias constituyentes de la trinidad constitucional
Shranjeno v:
| Glavni avtor: | |
|---|---|
| Format: | Knjiga |
| Jezik: | španščina |
| Izdano: |
Madrid
Trotta
2007
|
| Izdaja: | 1a. ed |
| Serija: | Estructuras y Procesos Serie Derecho
|
| Teme: | |
| Oznake: |
Označite
Brez oznak, prvi označite!
|
MARC
| LEADER | 00000cam a2200000 a 4500 | ||
|---|---|---|---|
| 001 | UCI5552 | ||
| 003 | CL-VaPUC | ||
| 008 | 080404e20070000SP |||||||||||||||||spa|d | ||
| 020 | |a 9788481649123 | ||
| 082 | 0 | 4 | |a 342 |b CLA |2 21 |
| 100 | 0 | |a Clavero, Bartolomé |e author |9 528002 | |
| 245 | 1 | 3 | |a El orden de los poderes. Historias constituyentes de la trinidad constitucional |
| 250 | |a 1a. ed | ||
| 300 | |a 321 p | ||
| 942 | |c BK | ||
| 945 | |d 20080404 00:00:00 |a rbrito | ||
| 260 | |a Madrid |b Trotta |c 2007 | ||
| 650 | 0 | |a Derecho constitucional |9 222588 | |
| 650 | 0 | |a Historia constitucional |9 256052 | |
| 650 | 0 | |a Separación de poderes |9 376385 | |
| 650 | 0 | |a Constitución política |9 336925 | |
| 583 | |a last modification |c 20170822 04:35:25 |k Rodrigo Vera | ||
| 490 | 0 | |a Estructuras y Procesos Serie Derecho | |
| 999 | |c 329293 |d 329291 | ||
| 952 | |0 0 |1 0 |4 0 |6 342_000000000000000_CLA_2007 |7 0 |8 A |9 413675 |a BIBHIS |b BIBHIS |d 2019-11-22 |i 4423836 |o 342 CLA 2007 |p 4423836 |r 2025-01-20 |w 2019-11-22 |y BK |k HIS | ||
| 952 | |0 0 |1 0 |3 erb |4 0 |6 342_000000000000000_CLA_2007 |7 0 |8 A |9 413676 |a BIBDER |b BIBDER |i 5418828 |l 1 |o 342 CLA 2007 |p 5418828 |r 2023-01-25 |s 2020-06-01 |w 2019-11-22 |y BK |z Catalogado en:20170825 |k DER | ||